[Event "Mittelfrank Regionalliga Nord-Ost 2223"]
[Site "Mittelfranken"]
[Date "2023.02.05"]
[Round "6.4"]
[White "Klampfer, Matjaz"]
[Black "Mark, Philipp"]
[Result "0-1"]
[WhiteElo "1960"]
[BlackElo "1959"]
[PlyCount "55"]
[EventDate "2022.10.09"]
[EventType "team-tourn"]
[EventRounds "9"]
[EventCountry "GER"]
[SourceTitle "EXT 2024"]
[Source "ChessBase"]
[SourceDate "2023.10.10"]
[SourceVersion "1"]
[SourceVersionDate "2023.10.10"]
[SourceQuality "1"]
[WhiteTeam "Buechenbach/Roth"]
[BlackTeam "Windischeschenbach"]
[WhiteTeamCountry "GER"]
[BlackTeamCountry "GER"]

1. d4 Nf6 2. c4 e6 3. Nf3 b6 4. g3 Bb7 5. Bg2 Be7 6. Nc3 0-0 7. d5 exd5 8. cxd5 Bb4 9. Bg5 Bxd5 10. 0-0 Bxc3 11. bxc3 Bb7 12. c4 d6 13. Re1 Nbd7 14. Qd4 Re8 15. Rad1 h6 16. Bc1 Nc5 17. Nh4 Bxg2 18. Kxg2 Qe7 19. e4 Qe5 20. f3 Qxd4 21. Rxd4 Rab8 22. Re3 b5 23. cxb5 Rxb5 24. Nf5 Ncd7 25. Ra3 a5 26. Bd2 a4 27. Ne3 Nb6 28. Bb4 0-1

[Event "Mittelfrank Regionalliga Nord-Ost 2223"]
[Site "Mittelfranken"]
[Date "2022.10.23"]
[Round "2.4"]
[White "Doeres, Hans Juergen"]
[Black "Mark, Philipp"]
[Result "0-1"]
[WhiteElo "2122"]
[BlackElo "1959"]
[PlyCount "96"]
[EventDate "2022.10.09"]
[EventType "team-tourn"]
[EventRounds "9"]
[EventCountry "GER"]
[SourceTitle "EXT 2024"]
[Source "ChessBase"]
[SourceDate "2023.10.10"]
[SourceVersion "1"]
[SourceVersionDate "2023.10.10"]
[SourceQuality "1"]
[WhiteTeam "Forchheim SC"]
[BlackTeam "Windischeschenbach"]
[WhiteTeamCountry "GER"]
[BlackTeamCountry "GER"]

1. Nf3 Nf6 2. c4 e6 3. g3 b6 4. Bg2 Bb7 5. 0-0 Be7 6. d4 0-0 7. Nc3 Ne4 8. Qc2 Nxc3 9. Qxc3 a5 10. Bf4 f5 11. d5 Bf6 12. Qd2 Na6 13. Rfd1 d6 14. dxe6 Qe7 15. Nd4 Bxg2 16. Kxg2 Bxd4 17. Qxd4 Qxe6 18. Qd5 Rae8 19. Be3 Nb4 20. Qxe6+ Rxe6 21. Rd2 Rfe8 22. a3 Nc6 23. h3 a4 24. Rc1 Na5 25. Rcc2 Re4 26. Rd4 Rxd4 27. Bxd4 Re4 28. e3 Nb3 29. Bc3 Rxc4 30. Kf3 d5 31. Ke2 Kf7 32. f3 Ke6 33. Kd3 Nc5+ 34. Kd2 g6 35. Bg7 Rxc2+ 36. Kxc2 Nd7 37. Kc3 c5 38. b3 axb3 39. Kxb3 Ne5 40. Ka4 Nxf3 41. Kb5 d4 42. exd4 cxd4 43. Kc4 b5+ 44. Kxb5 d3 45. Bc3 Kd7 46. Kc4 d2 47. Bxd2 Nxd2+ 48. Kd5 Ne4 0-1

[Event "Mittelfrank Regionalliga Nord-Ost 2122"]
[Site "Mittelfranken"]
[Date "2022.03.13"]
[Round "6.7"]
[White "Dajakaj, Kastriot"]
[Black "Mark, Philipp"]
[Result "0-1"]
[WhiteElo "1684"]
[BlackElo "1888"]
[PlyCount "32"]
[EventDate "2021.10.24"]
[EventType "team-tourn"]
[EventRounds "9"]
[EventCountry "GER"]
[SourceTitle "EXT 2024"]
[Source "ChessBase"]
[SourceDate "2023.10.10"]
[SourceVersion "1"]
[SourceVersionDate "2023.10.10"]
[SourceQuality "1"]
[WhiteTeam "Buechenbach/Roth"]
[BlackTeam "Windischeschenbach"]
[WhiteTeamCountry "GER"]
[BlackTeamCountry "GER"]

1. e4 e5 2. Nf3 Nf6 3. Nc3 Nc6 4. Bc4 Nxe4 5. Bxf7+ Kxf7 6. Nxe4 d5 7. Ng3 e4 8. Ng1 h5 9. Nxh5 Qh4 10. Ng3 Bg4 11. N1e2 Nd4 12. c3 Nxe2 13. Nxe2 Bc5 14. g3 Qf6 15. 0-0 Rxh2 16. Qb3 Bxf2+ 0-1

[Event "Mittelfrank Regionalliga Nord-Ost 2122"]
[Site "Mittelfranken"]
[Date "2021.11.14"]
[Round "2.8"]
[White "Mark, Philipp"]
[Black "Wallisch, Christoph"]
[Result "1/2-1/2"]
[WhiteElo "1888"]
[BlackElo "1877"]
[PlyCount "55"]
[EventDate "2021.10.24"]
[EventType "team-tourn"]
[EventRounds "9"]
[EventCountry "GER"]
[SourceTitle "EXT 2024"]
[Source "ChessBase"]
[SourceDate "2023.10.10"]
[SourceVersion "1"]
[SourceVersionDate "2023.10.10"]
[SourceQuality "1"]
[WhiteTeam "Windischeschenbach"]
[BlackTeam "Forchheim SC"]
[WhiteTeamCountry "GER"]
[BlackTeamCountry "GER"]

1. d4 Nf6 2. c4 e6 3. Nc3 Bb4 4. e3 b6 5. Nge2 Bb7 6. a3 Be7 7. Nf4 Ne4 8. Qc2 f5 9. b4 0-0 10. Bb2 Bf6 11. Bd3 Nxc3 12. Bxc3 Qe8 13. 0-0-0 c5 14. Rhg1 cxd4 15. exd4 Nc6 16. g4 Bg5 17. Qd2 e5 18. dxe5 Nxe5 19. Bxf5 Nf3 20. Qd6 Nxg1 21. Rxg1 Qf7 22. Kb2 Bxf4 23. Qxf4 Rfe8 24. Bxh7+ Kf8 25. Qd6+ Qe7 26. Qf4+ Qf7 27. Qd6+ Qe7 28. Qf4+ 1/2-1/2

[Event "GER-chT Christmas U20"]
[Site "Playchess.com INT"]
[Date "2020.12.29"]
[Round "5.1"]
[White "Mark, Philipp"]
[Black "Kamp, Aaron"]
[Result "1-0"]
[WhiteElo "1702"]
[BlackElo "1771"]
[PlyCount "43"]
[EventDate "2020.12.29"]
[EventType "team-swiss (blitz)"]
[EventRounds "7"]
[EventCountry "GER"]
[SourceTitle "CBM 200 Extra"]
[Source "ChessBase"]
[SourceDate "2021.03.31"]
[SourceVersion "1"]
[SourceVersionDate "2021.03.31"]
[SourceQuality "1"]
[WhiteTeam "Windischeschenbach"]
[BlackTeam "Muenster II"]
[WhiteTeamCountry "GER"]
[BlackTeamCountry "GER"]

1. d4 Nf6 2. c4 g6 3. Nc3 d5 4. cxd5 Nxd5 5. e4 Nxc3 6. bxc3 Bg7 7. Bc4 c5 8. Ne2 Nc6 9. Be3 Qa5 10. 0-0 0-0 11. Rb1 a6 12. a4 Rd8 13. Qb3 cxd4 14. Bxf7+ Kh8 15. cxd4 Nxd4 16. Bxd4 Bxd4 17. Nxd4 Rxd4 18. Bd5 Rb8 19. Rbd1 Qxa4 20. Qg3 e6 21. Qe5+ Kg8 22. Rxd4 1-0

[Event "Oberpfalz-ch M3"]
[Site "Windischeschenbach"]
[Date "2017.04.08"]
[Round "2"]
[White "Mark, Philipp"]
[Black "Kaltschmidt, Andreas"]
[Result "0-1"]
[WhiteElo "1162"]
[BlackElo "1621"]
[PlyCount "60"]
[EventDate "2017.04.08"]
[EventType "swiss"]
[EventRounds "8"]
[EventCountry "GER"]
[SourceTitle "EXT 2020"]
[Source "ChessBase"]
[SourceDate "2019.10.17"]
[SourceVersion "1"]
[SourceVersionDate "2019.10.17"]
[SourceQuality "1"]

1. d4 Nf6 2. e3 e6 3. c3 d5 4. f4 c5 5. Nf3 Bd7 6. Ne5 Ne4 7. g3 Nc6 8. Nxd7 Qxd7 9. Nd2 Nxd2 10. Bxd2 a6 11. Bg2 Be7 12. 0-0 b5 13. a4 0-0 14. Qe2 bxa4 15. Rxa4 Nxd4 16. Qd1 Nc6 17. Qb3 Rfb8 18. Qa2 Rb6 19. Ra1 Qb7 20. Bc1 c4 21. e4 Qd7 22. exd5 exd5 23. Be3 Rb5 24. Rxa6 Rxa6 25. Qxa6 Rxb2 26. Rd1 Qe6 27. Bc1 Rxg2+ 28. Kh1 Qe2 29. Qc8+ Nd8 30. Ba3 Rxh2+ 0-1